000
00294nam a2200121 a 4500
001
4140
005
20140414131848.0
008
090218s19uu xx 00 eng d
050
_a
M 372.4
_b
Sw4 2000
100
_a
Sweeney, Alyse
245
_a
All about me write and read books.
999
_c
110024
_d
110024